000 00903nam a22002417i 4500
001 IT\ICCU\UBO\4624869
003 ItRI
005 20260115232141.0
008 220613s2022 it |||||| ||||| |||||c
020 _a9788874529582
040 _bita
_cimportazione bologna sebina
041 7 _aita
_2ISO-639-2
082 _a813.54
_9NARRATIVA AMERICANA IN LINGUA INGLESE, 1945-1999
_222
100 1 _aYuknavitch, Lidia
_0IT\ICCU\CAGV\731121
_4aut
240 1 4 _aThe chronology of water
_3IT\ICCU\UBO\4624870
_9Yuknavitch, Lidia
245 1 3 _aLa cronologia dell'acqua /
_cLidia Yuknavitch ; traduzione di Alessandra Castellazzi.
260 _aMilano :
_bNottetempo,
_c©2022
300 _a334 p. ;
_c20 cm
700 1 _aCastellazzi, Alessandra
_0IT\ICCU\CFIV\353062
_4trl
790 1 _aYukman, Lidia
_3IT\ICCU\SBNV\113958
_zYuknavitch, Lidia
830 0 _aNottetempo
_0IT\ICCU\RAV\1092965
942 _2ddc
_cBK
_n0
999 _c17863
_d17863